00899cam a2200265Ia 4500001001300000003000700013008004100020020001500061020001500076040001800091050002200109082002500131100002700156245016000183260001600343260002000359300002100379490004800400504004200448650002900490650003600519700002400555700002800579700002600607tec011941807MX-MoT081110s2006 sp b 000 0 spa d a842342393X a8423423883 aI8MbspacI8M 4aHD66b.B5318 2006 a658.312 8 B639t 20061 aBlanchard, Kenneth H. 10aTrabajo en equipo :bgo team! : tres pasos para conseguir grandes resultados /cKen Blanchard, Alan Randolph, Peter Grazier ; traducción, Marcè Molist. aBarcelona : bDeusto,cc2006. a170 p. ;c24 cm.0 aLíderes del management. Recursos humanos. aIncluye referencias bibliográficas  0aTeams in the workplace.  4aEquipos en el lugar de trabajo.1 aRandolph, W. Alan. 1 aGrazier, Peter,d1946- 1 aMolist, Marcè,etr.